| 000 | 01273nam a2200217 a 4500 | ||
|---|---|---|---|
| 001 | 000016431 | ||
| 005 | 20200929164426.0 | ||
| 008 | 100305s1995 dr a r 001 0 spa d | ||
| 040 |
_aDO-SdBNP _bspa _cBNPHU |
||
| 082 |
_a372.241 _bC949a |
||
| 100 | 1 |
_aCrosby, Robin _936625 |
|
| 245 | 1 | 0 |
_aUna aventura aquí mismo : _buna guía para maestros de preescolar no formal / _cRobin Crosby, Terri Elders. |
| 260 |
_aSanto Domingo : _bTaller, _c1995. |
||
| 300 |
_a91 p. : _bil. ; _c23 cm. |
||
| 505 | 0 |
_t¿Qué es un preescolar? -- _t¿Cuáles son las edades de un preescolar? -- _t¿Cuantos niños deben estar en el mismo grupo? -- _tConociendo las cosas básicas -- _t¿Cómo aprenden los niños? -- _t¿Qué es un plan de trabajo? -- _t¿Cómo puedo conseguir materiales para mi preescolar? -- _t¿Hay materiales educativos que yo puedo hacer para mi preescolar? -- _tJuegos para identificar números, vocales, figuras -- _tMateriales educativos - Instrumentos musicales -- _tTemas por meses -- _tLos principales derechos de la niñez -- _tReferencias. |
|
| 590 | _aInventariado, 2018/BT | ||
| 650 | 4 |
_aEducación preescolar _xPlanificación _936626 |
|
| 650 | 4 |
_aEducación en la primera infancia _936627 |
|
| 700 | 1 |
_aElders, Terri _936628 |
|
| 910 | _aValidado. Control de calidad. EMS | ||
| 999 |
_c15966 _d15966 |
||